Counterrevolution and revolt.

Bibliographic Details
Main Author: Marcuse, Herbert, 1898-1979
Format: Book
Language:English
Published: Boston : Beacon Press, [1972]
Subjects:

MARC

Tag First Indicator Second Indicator Subfields
LEADER 00000cam a2200000 4500
001 in00000458513
005 20151012093347.0
008 720503s1972 mau b 00000 eng
010 |a  79179150  
020 |a 0807015326  |c $7.50 
035 |a (OCoLC)00315567 
035 |9 ABY8305AM 
040 |a DLC  |c DLC  |d TXA  |d UtOrBLW 
049 |a TXAM  |c [925258] 
050 0 0 |a HM281  |b .M27 
082 0 |a 301.6/333 
100 1 |a Marcuse, Herbert,  |d 1898-1979. 
245 1 0 |a Counterrevolution and revolt. 
264 1 |a Boston :  |b Beacon Press,  |c [1972] 
300 |a 138 pages ;  |c 24 cm. 
336 |a text  |b txt  |2 rdacontent 
337 |a unmediated  |b n  |2 rdamedia 
338 |a volume  |b nc  |2 rdacarrier 
504 |a Bibliography: pages 135-138. 
650 0 |a Revolutions. 
650 0 |a Radicalism. 
650 0 |a Power (Social sciences) 
999 |a MARS 
999 f f |s a7ba8aae-cd95-3630-bad5-8857c1401969  |i 63a93179-94ca-3412-83e6-377b8066029d  |t 0 
952 f f |p ric  |a Texas A&M University  |b Rellis Campus  |c Joint Library Facility  |d Remote Storage  |t 0  |e HM281 .M27  |h Library of Congress classification  |i unmediated -- volume  |m A14802925017 
998 f f |a HM281 .M27  |t 0  |l Remote Storage